|
|
|
|
| LEADER |
01169nam a2200253 a 4500 |
| 001 |
3415215 |
| 008 |
101206s1993 caua 001 0 eng d |
| 010 |
|
|
|a 90024306
|
| 020 |
|
|
|a 8170292271
|
| 020 |
|
|
|a 1558510974
|
| 040 |
|
|
|a DLC
|c DLC
|d DLC
|d BD-DhAAL
|
| 082 |
0 |
0 |
|a 514/.74
|2 20
|
| 100 |
1 |
|
|a Stevens, Roger T.,
|d 1927-
|
| 245 |
1 |
0 |
|a Advanced fractal programming in C /
|c Roger T. Stevens.
|
| 260 |
|
|
|a Redwood City, CA :
|b M&T Books ;
|a New Delhi :
|b BPB Publication,
|c c1993.
|
| 300 |
|
|
|a 305 p. :
|b ill. (some col.) ;
|c 24 cm. +
|e 1 computer disk (col. ; 5 1/4 in.)
|
| 500 |
|
|
|a System requirements for computer disk: IBM PC or compatible; MS-DOS; Turbo C, Quick C, or Microsoft C compiler; EGA card and color monitor required for some programs, and VGA card and color monitor required for other programs.
|
| 500 |
|
|
|a Includes index.
|
| 541 |
1 |
|
|e 00006648
|
| 650 |
|
0 |
|a Fractals
|x Computer programs.
|
| 650 |
|
0 |
|a C (Computer program language)
|
| 852 |
4 |
|
|a Ayesha Abed library
|j General Shelf.
|
| 999 |
|
|
|c 10225
|d 10225
|
| 952 |
|
|
|0 0
|1 0
|2 ddc
|4 0
|6 514_740000000000000_STE
|7 0
|9 13641
|a BRACUL
|b BRACUL
|c GEN
|d 2010-12-15
|l 0
|o 514.74 STE
|p 3010006648
|r 2010-12-15
|t 1
|w 2010-12-15
|y BK
|